Nemzetépítő történelemkönyvek

Elmentve itt :
Bibliográfiai részletek
Szerző: Zahorán Csaba
Dokumentumtípus: Cikk
Megjelent: 2012
Sorozat:Iskolakultúra 22 No. 9
Online Access:http://misc.bibl.u-szeged.hu/42135
LEADER 00559nab a2200169 i 4500
001 misc42135
005 20191106140537.0
008 180706s2012 hu o 0|| zxx d
022 |a 1215-5233 
040 |a SZTE Miscellanea Repozitórium  |b hun 
041 |a zxx 
100 1 |a Zahorán Csaba 
245 1 0 |a Nemzetépítő történelemkönyvek  |h [elektronikus dokumentum] /  |c  Zahorán Csaba 
260 |c 2012 
300 |a 97-103 
490 0 |a Iskolakultúra  |v 22 No. 9 
856 4 0 |u http://misc.bibl.u-szeged.hu/42135/1/EPA00011_Iskolakultura_2012-9_097-103.pdf  |z Dokumentum-elérés